| 000 | 01203nam a2200241Ia 4500 | ||
|---|---|---|---|
| 999 |
_c55189 _d55189 |
||
| 001 | 22264 | ||
| 003 | GE_BSU | ||
| 005 | 20230216120531.0 | ||
| 008 | 181216s2009||||ge |||||||||||||| ||geo|| | ||
| 020 | _a978-9941-13-118-9 | ||
| 040 | _cGE_BSU | ||
| 080 | _a811.512.161'36(075.8) კ-44 | ||
| 100 |
_aკვანტალიანი, ელიდა _916357 |
||
| 245 |
_aთურქული ენის გრამატიკის სახელმძღვანელო : _bუმაღლ. სასწავლებლების სტუდენტებისათვის / _cელიდა კვანტალიანი, ნანა ჯანაშია ; რედ. ნოდარ ჯანაშია. |
||
| 264 |
_aთბილისი : _bთბილ. უნ-ტის გამ-ბა, _c2009. |
||
| 300 |
_a235 გვ. ; _c20 სმ. |
||
| 541 | _h5 ლ. | ||
| 653 | _aთურქული ენა | ||
| 653 | _aთურქული ენის გრამატიკის სახელმძღვანელო | ||
| 700 |
_aჯანაშია, ნანა _eავტორი _916940 |
||
| 710 |
_a თსუ _916941 |
||
| 942 |
_cBK _2udc |
||